Private sector electricity in developing countries : supply and demand /

Salvato in:
Dettagli Bibliografici
Autore principale: Glen, Jack D.
Ente Autore: International Finance Corporation
Natura: Libro
Pubblicazione: Washington, D.C. : World Bank, c1992.
Serie:Discussion paper / International Finance Corporation,
Soggetti:
Tags: Aggiungi Tag
Nessun Tag, puoi essere il primo ad aggiungerne!!

MARC

LEADER 00000pam a2200000 a 4500
020 |a 0821322540 
040 |a MUL  |c MUL  |b eng.  |e AACR 
082 0 0 |a 333.79320917 GLE 
100 1 |a Glen, Jack D. 
245 1 0 |a Private sector electricity in developing countries :  |b supply and demand /  |c Jack D. Glen and International Finance Corporation 
260 |a Washington, D.C. :  |b World Bank,  |c c1992. 
300 |a v, 23 p. :  |b ill. ;  |c 28 cm. 
490 1 |a Discussion paper / International Finance Corporation, 
504 |a Includes bibliographical references (p. 23). 
650 0 |a Electric utilities  |z Developing countries. 
650 0 |a Electric power consumption  |z Developing countries. 
710 |a International Finance Corporation 
942 |c CC 
999 |c 8349  |d 8349